Library of the University of Algiers 3
Ibrahim Sultan Cheibout
شعار جامعة الجزائر 3
مكتبة جامعة الجزائر 3
إبراهيم سلطان شيبوط

دراسة الجدوى الإقتصادية للمشروعات الإستثمارية / (رقم التسجيلة. 44391)

تفاصيل مارك
000 -LEADER
fixed length control field 01397nam a2200241Ia 4500
003 - CONTROL NUMBER IDENTIFIER
control field Ost
005 - DATE AND TIME OF LATEST TRANSACTION
control field 20260507075411.0
008 - FIXED-LENGTH DATA ELEMENTS--GENERAL INFORMATION
fixed length control field 260507s9999||||xx |||||||||||||| ||und||
020 ## - INTERNATIONAL STANDARD BOOK NUMBER
International Standard Book Number ×159212977
040 ## - CATALOGING SOURCE
Transcribing agency fsecg
041 ## - LANGUAGE CODE
Language code of text/sound track or separate title ara
082 ## - DEWEY DECIMAL CLASSIFICATION NUMBER
Classification number 330
100 ## - MAIN ENTRY--PERSONAL NAME
Personal name مصطفى، أحمد فريد
Relator term مؤلف
245 #0 - TITLE STATEMENT
Title دراسة الجدوى الإقتصادية للمشروعات الإستثمارية /
Statement of responsibility, etc. أحمد فريد مصطفى
260 ## - PUBLICATION, DISTRIBUTION, ETC.
Place of publication, distribution, etc. الإسكندرية:
Name of publisher, distributor, etc. مؤسسة شباب الجامعة,
Date of publication, distribution, etc. 2009
300 ## - PHYSICAL DESCRIPTION
Extent 235 صفحة؛
Other physical details إيضاحات ؛
Dimensions 25 سم
504 ## - BIBLIOGRAPHY, ETC. NOTE
Bibliography, etc. note المراجع ص.231
520 ## - SUMMARY, ETC.
Summary, etc. يضم الإطار العام لدراسة جدوى المشروعات، تصنيفات دراسة جدوى المشروعات، دراسة جدوى التسويقية، الأساليب المستخدمة في تقدير حجم الطلب، دراسة الجدوى الفنية والهندسية، نماذج تقويم المشروعات الإستثمارية، التحليل الرئيسي للربحية القومية، تقويم المشروعات من منظور إسلامي، دراسة جدوى مبدئية لإنتاج مواد تلدين البلاستيك (حالة علمية)
653 ## - INDEX TERM--UNCONTROLLED
Uncontrolled term الجدوى الإقتصادية
653 ## - INDEX TERM--UNCONTROLLED
Uncontrolled term المشروعات- إستثمار
653 ## - INDEX TERM--UNCONTROLLED
Uncontrolled term دراسة الجدوى
942 ## - ADDED ENTRY ELEMENTS (KOHA)
Koha item type كتب
المقتنيات
Withdrawn status Lost status Source of classification or shelving scheme Damaged status Not for loan Home library Current library Date acquired Serial enumeration / chronology Inventory number Total checkouts Full call number Barcode Date last seen Price effective from Koha item type
    Dewey Decimal Classification   NOT LOAN / إعارة داخلية مكتبة كلية العلوم الإقتصادية والعلوم التجارية وعلوم التسيير مكتبة كلية العلوم الإقتصادية والعلوم التجارية وعلوم التسيير 07/05/2026 الطابق الأرضي 27023   أ/4454ن1 27023 07/05/2026 07/05/2026 كتب
    Dewey Decimal Classification   Available مكتبة كلية العلوم الإقتصادية والعلوم التجارية وعلوم التسيير مكتبة كلية العلوم الإقتصادية والعلوم التجارية وعلوم التسيير 07/05/2026 الطابق الأرضي 27024   أ/4454ن2 27024 07/05/2026 07/05/2026 كتب
    Dewey Decimal Classification   Available مكتبة كلية العلوم الإقتصادية والعلوم التجارية وعلوم التسيير مكتبة كلية العلوم الإقتصادية والعلوم التجارية وعلوم التسيير 07/05/2026 الطابق الثاني 27025   أ/4454ن3 27025 07/05/2026 07/05/2026 كتب

موارد الويب المفتوحة


© University of Algiers 3 All Rights Reserved
|
Implemented by LECHELAH Riad